000
00261 a2200109 4500
001
86306
082
_a
297.2 ISL
090
_c
40571
_d
40571
100
_a
Sadder ud Din Islahi
245
_a
Islam aik nazar main
260
_a
Lahore
_b
Islamic Publications
_c
2008
942
_a
NUST-CAE
_k
297.2 ISL
999
_c
321379
_d
321379